Sports Quiz

Random Sports or NFL Quiz

Patriots Super Bowl XLIX Roster Quiz Stats

 Plays Quiz not verified by Sporcle

Challenge
Share
Tweet
Embed
Score 0/65 Timer 06:00
0 Plays Today
Jersey # (Position) Player % Correct
12 (QB)Tom Brady
95.6%
11 (WR)Julian Edelman
94.9%
Head CoachBill Belichick
89.7%
3 (K)Steven Gostkowski
89.7%
Offensive CoordinatorJosh McDaniels
86.8%
87 (TE)Rob Gronkowski
86.8%
29 (RB)LaGarrette Blount
84.6%
19 (WR)Brandon LaFell
83.8%
34 (RB)Shane Vereen
83.8%
24 (CB)Darrelle Revis
82.4%
80 (WR)Danny Amendola
82.4%
21 (CB)Malcolm Butler aka THE HERO!!
80.1%
75 (DT)Vince Wilfork
77.2%
6 (P)Ryan Allen
74.3%
54 (LB)Dont'a Hightower
73.5%
95 (DE)Chandler Jones
73.5%
94 (DT)Chris Jones
72.8%
32 (FS)Devin McCourty
72.1%
39 (CB)Brandon Browner
72.1%
18 (WR/ST)Matthew Slater
71.3%
23 (SS)Patrick Chung
71.3%
50 (DE)Rob Ninkovich
70.6%
77 (T)Nate Solder
70.6%
22 (RB)Steven Ridley
68.4%
Defensive CoordinatorMatt Patricia
66.9%
91 (LB)Jaime Collins
66.9%
51 (LB)Jerod Mayo
66.2%
10 (QB)Jimmy Garoppolo
65.4%
35 (RB)Jonas Gray
64%
81 (TE)Tim Wright
61.8%
25 (CB)Kyle Arrington
61%
28 (RB)James White
61%
38 (RB)Brandon Bolden
60.3%
Jersey # (Position) Player % Correct
17 (WR)Aaron Dobson
60.3%
26 (CB)Logan Ryan
59.6%
59 (LB)Chris White
59.6%
66 (C)Brian Stork
58.1%
76 (T)Sebastian Vollmer
57.4%
46 (FB)James Develin
52.9%
30 (DB)Duron Harmon
45.6%
97 (DT)Alan Branch
41.9%
61 (OL)Marcus Cannon
40.4%
63 (OL)Dan Connolly
40.4%
47 (TE)Michael Hoomanawanui
39%
43 (DB)Nate Ebner
36.8%
55 (OLB)Akeem Ayers
36.8%
84 (WR)Brian Tyms
35.3%
96 (DT)Sealver Siliga
35.3%
27 (DB)Tavon Wilson
33.8%
62 (OL)Ryan Wendell
33.1%
58 (LB)Darius Fleming
32.4%
71 (OL)Cameron Fleming
32.4%
82 (WR)Josh Boyce
30.9%
37 (CB)Alfonzo Dennard
30.9%
74 (DL)Dominique Easley
30.1%
48 (LS)Danny Aiken
29.4%
67 (OL)Josh Kline
27.2%
52 (LB)Jonathan Casillas
26.5%
72 (DT)Joe Vellano
22.1%
65 (T)Jordan Devey
13.2%
31 (RB)Tyler Gaffney
13.2%
90 (DL)Zach Moore
11%
99 (DL)Michael Buchanan
8.8%
45 (LB)Cameron Gordon
2.9%
16 (WR)Greg Orton
2.9%

You're not logged in!

Compare scores with friends on all Sporcle quizzes.
Join for Free
OR
Log In

You Might Also Like...

Show Comments

Extras

Top Quizzes Today


Score Distribution

Your Account Isn't Verified!

In order to create a playlist on Sporcle, you need to verify the email address you used during registration. Go to your Sporcle Settings to finish the process.

Report this User

Report this user for behavior that violates our Community Guidelines.

Details: